000
00427nam a2200133Ia 4500
008
151001s9999||||xx |||||||||||||| ||und||
100
_a
किशोर श्रीकृष्ण आरोसकर
245
_a
शापित सूर्यपुत्र
250
_a
1
260
_b
आरोसकर बंधू नाट्य प्रकाशन
260
_c
2004
300
_a
71
365
_b
18
999
_c
982929
_d
982926